Normal view
MARC view
Entry Personal Name
001 - CONTROL NUMBER
- control field: 2311
003 - CONTROL NUMBER IDENTIFIER
- control field: ARRUPE
005 - DATE AND TIME OF LATEST TRANSACTION
- control field: 20131008173753.0
008 - FIXED-LENGTH DATA ELEMENTS
- fixed length control field: 131008|| aca||aabn | a|a d
040 ## - CATALOGING SOURCE
- Original cataloging agency: ARRUPE
- Transcribing agency: ARRUPE
100 ## - HEADING--PERSONAL NAME
- Personal name: Mlalazi, Christopher.
670 ## - SOURCE DATA FOUND
- Source citation: Work cat.: (ARRUPE)0: Mlalazi, Christopher., Running with mother /, 2012.